000 00665nam a22001937a 4500
005 20251108170455.0
008 250721s1995 xx 000 0 ara d
082 1 4 _a218.2/سمر
100 1 _aالسمرقندي، أبو الليث نصر بن محمد بن إبراهيم
245 1 0 _aبستان العارفين في الآداب الشرعية /
264 1 _aالقاهرة :
_bدار المنار،
_c1995.
300 _a296ص
650 1 7 _aالفضائل الإسلامية
650 1 7 _aالآداب الإسلامية
650 1 7 _aالإسلام
700 1 _aالزيات، عبد الفتاح
_eتحقيق
942 _2ddc
_cBK
999 _c41347
_d41347